Κοινωνικός αποκλεισμός : η ελληνική εμπειρία
Αποθηκεύτηκε σε:
| Συλλογικό Έργο: | , |
|---|---|
| Άλλοι συγγραφείς: | , |
| Μορφή: | Βιβλίο |
| Γλώσσα: | Greek |
| Δημοσίευση: |
Αθήνα :
Gutenberg,
2007.
|
| Σειρά: | Βιβλιοθήκη κοινωνικής επιστήμης και κοινωνικής πολιτικής
|
| Θέματα: | |
| Ετικέτες: |
Προσθήκη ετικέτας
Δεν υπάρχουν, Καταχωρήστε ετικέτα πρώτοι!
|
MARC
| LEADER | 00000nam a2200000 i 4500 | ||
|---|---|---|---|
| 001 | 1/85755 | ||
| 008 | 050920r20071998gr ||| | gre|| | ||
| 020 | |a 9600107513 | ||
| 035 | |l 10080355 | ||
| 040 | |a GR-MY-UA |b gre |e aacr | ||
| 041 | 0 | |a gre | |
| 082 | 0 | |a 305.09495 | |
| 245 | 1 | 0 | |a Κοινωνικός αποκλεισμός : |b η ελληνική εμπειρία / |c Κώστας Δημουλάς ... [κ. ά.] ; εισαγωγή-επιμέλεια Κούλα Κασιμάτη. |
| 260 | |a Αθήνα : |b Gutenberg, |c 2007. | ||
| 300 | |a 308 σ. : |b πίν. ; |c 21 εκ. | ||
| 490 | 1 | |a (Βιβλιοθήκη κοινωνική επιστήμης και κοινωνικής πολιτικής ; |v 58) | |
| 500 | |a Ανατυπώσεις 2004 και 2007. | ||
| 504 | |a Περιέχει βιβλιογραφία. | ||
| 650 | 0 | 0 | |a Differentiation (Sociology) |
| 650 | 0 | 0 | |a Social isolation |z Greece. |
| 700 | 1 | |a Κασιμάτη, Κούλα, |e edtf [Επιμελήτρια] | |
| 700 | 1 | |a Δημουλάς, Δημήτρης, |e edt [Επιμελητής] | |
| 710 | 2 | |a Κέντρο Κοινωνικής Μορφολογίας και Κοινωνικής Πολιτικής (ΚΕΚΜΟΚΟΠ) | |
| 710 | 2 | |a Παντειο Πανεπιστήμιο Κοινωνικών και Πολιτικών Επιστημών |b Τμήμα Κοινωνικής Πολιτικής και Κοινωνικής Ανθρωπολογίας |b Κέντρο Κοινωνικής Μορφολογίας και Κοινωνικής Πολιτικής. | |
| 830 | 0 | |a Βιβλιοθήκη κοινωνικής επιστήμης και κοινωνικής πολιτικής | |
| 852 | |a INST |b LESVOS |e 20050920 |h 305.09495 ΚΟΙ |p 005100032608 |q 005100032608 |t BK |y 0 | ||
| 852 | |a INST |b LESVOS |c EUDOXUS |e 20160518 |h 305.09495 ΚΟΙ |p 005100057622 |q 005100057622 |t EDX |y 0 | ||
| 852 | |a INST |b LESVOS |c EUDOXUS |e 20180131 |h 305.09495 ΚΟΙ |p 005100060963 |q 005100060963 |t EDX |y 0 | ||
| 901 | |a BIBL1-2005-3 | ||
| 909 | |a Λ |b 115053 | ||
| 920 | |a ΔΙΕΥΡΥΝΣΗ |b ΕΠΕΑΕΚ-ΤΚ |y Λέσβος |z 2004-10 | ||
| 920 | |a Εύδοξος |b Παραγγελία |y Λέσβος-ΤΚ |z 2016-04 | ||
| 970 | |a ΚΑΡΑ |b ΓΙΑΣΕΜΗ |z 2005/09/20 | ||